|
|
|
|
| LEADER |
00637nta a2200181 i 4500 |
| 001 |
dipl123367 |
| 005 |
20220328130524.0 |
| 008 |
220225suuuu hu om 0|| hun d |
| 040 |
|
|
|a SZTE Diploma Repozitórium
|b hun
|
| 041 |
|
|
|a hun
|
| 100 |
1 |
|
|a Jaksa Szilvia
|
| 245 |
1 |
0 |
|a Nevezetes egyenlőtlenségek és alkalmazásuk
|h [elektronikus dokumentum] /
|c Szilvia Jaksa
|
| 650 |
|
4 |
|a Pedagógusképzés
|
| 650 |
|
4 |
|a Natural sciences
|
| 650 |
|
4 |
|a Mathematics
|
| 650 |
|
4 |
|a Pure mathematics, applied mathematics
|
| 700 |
1 |
|
|a Bonifert Domonkos
|e ths
|
| 856 |
4 |
0 |
|u http://diploma.bibl.u-szeged.hu/id/eprint/123367/1/xxxx_jaksa_szilvia.pdf
|z Dokumentum-elérés
|